[Event "Dresden zt 1.2"]
[Site "Dresden"]
[Date "1998.05.01"]
[Round "4"]
[White "Dautov, Rustem"]
[Black "Sermek, Drazen"]
[Result "1-0"]
[WhiteElo "2600"]
[BlackElo "2510"]
[Annotator "Dautov,R"]
[PlyCount "109"]
[EventDate "1998.04.28"]
[EventType "swiss"]
[EventRounds "11"]
[EventCountry "GER"]
[SourceTitle "CBM 065"]
[Source "ChessBase"]
[SourceDate "1998.08.06"]
[SourceVersion "1"]
[SourceVersionDate "1998.08.06"]
[SourceQuality "1"]

1. d4 {Hecht Huzman} d5 2. c4 dxc4 3. Nf3 c5 4. d5 e6 5. Nc3 exd5 6. Qxd5 Qxd5
7. Nxd5 Bd6 8. Nd2 Nc6 9. Nxc4 Bb8 10. e4 Nf6 11. Be3 $1 (11. Nxf6+ gxf6 12.
Be3 (12. Bh6 {Huzman} Be5 13. O-O-O Bd4 14. Nd6+ Ke7 15. Nxc8+ Raxc8 16. f3 a6
17. g3 b5 18. Bh3 Rc7 19. Rhe1 Rg8 20. Kb1 Ne5 21. Bg2 Rd8 22. Re2 b4 23. Rc2
b3 24. axb3 Rb7 $36 {0-1 Aseev,K-Westerinen,H/Helsinki op 1992 (33)}) 12... b6
$11 (12... b6 13. Be2 Be5 14. O-O-O Ke7 15. f4 Bd4 16. Bxd4 Nxd4 17. Bd3 Bb7 $1
18. Rhe1 Rhg8 19. Rd2 Rg4 (19... Rad8 $5) 20. Rf2 Rd8 $132 {1-0 Chekhov,
V-Zlochevskij,A/RUS-Cup2 1996 (51)})) 11... Nxd5 (11... Nxe4 $2 12. f3 Nd6 13.
Bxc5 Be6 14. O-O-O Nc8 15. g3 $1 f6 16. f4 Kf7 17. Bg2 $16 {Epishin,V-Lalic,B/
Manresa 1995} (17. Bg2 {Huzman} Nb6 18. Nce3 g6 19. Kb1 Rd8 20. b3 Nxd5 21.
Nxd5 Bd6 $11 {1/2-1/2 Epishin,V-Lalic,B/Manresa 1995 (37)})) (11... b6 $2 12.
Ndxb6 axb6 13. Nxb6 $16) 12. exd5 Nb4 (12... Nd4 {Huzman} 13. O-O-O b5 14. Na5
$16) 13. O-O-O Nxa2+ (13... Bf5 {Huzman} 14. a3 Na6 (14... Na2+ 15. Kd2 $18 {
[%csl Ra2]}) 15. Na5 $1 $16) 14. Kb1 Nb4 15. Bxc5 Bf5+ 16. Ka1 Nc2+ 17. Ka2 Kd7
(17... b6 {Huzman} 18. Nd6+ Bxd6 19. Bxd6 Kd7 20. Be5 $16) 18. Na5 $1 $16 (18.
Ne3 {Huzman} Rc8 $1 19. Bb5+ Kd8 $11) 18... Bc7 $146 (18... a6 19. Nc4 Bc7 20.
d6 (20. Bd3 $5 Bxd3 21. Rxd3 b6 22. Rc1 bxc5 23. Rxc2 $16) 20... Kc6 21. Ba3 (
21. b4 b6 22. Ne5+ Kb7 $13) 21... Bd8 22. Ne5+ Kb6 23. Bc4 f6 24. Nf7 Rf8 25.
Rd2 Nxa3 26. Kxa3 Rc8 $11 {Sadler,M-Sermek,D/Candas op 1996} (26... Rc8 {Huzman
} 27. Bb3 Rc5 28. Nxd8 Rxd8 $11 {Sadler,M-Sermek,D/Cannes op 1996/1/2-1/2 (61)}
)) 19. Nxb7 Rab8 20. Ba6 Bb6 21. Ba3 $1 (21. b4 $6 Bxc5 22. Nxc5+ Kd6 (22...
Kd6 {Huzman} 23. Nb7+ Kc7 (23... Rxb7 24. Bxb7 Rb8 25. Bc6 Nxb4+ 26. Ka3 $14)
24. Kb3 Rxb7 25. d6+ Kb6 26. Bxb7 Kxb7 27. Rd2 Rc8 $11)) (21. Bxb6 axb6 22. Kb3
Ra8 (22... Rhc8 23. Rd2 $16) 23. Bb5+ (23. Bd3 Bxd3 24. Rxd3 Rhc8 {[%csl Rb7]})
23... Kc7 24. Bc6 Rhb8 $13 (24... Rhb8 {Huzman} 25. Rd2 Na1+ 26. Kb4 Rxb7 27.
Rc1 $16 {[%csl Ra1]})) 21... Nxa3 22. Kxa3 Rhc8 23. Rhe1 (23. Rd2 $1 {/\Re1}
Bc5+ (23... Rc2 $1 {Huzman} 24. Rxc2 Bxc2 {[%cal Yc2d3]} 25. Rc1 Bd3 26. Bxd3
Rxb7 $14 {[%cal Yb7c7]}) 24. b4 Bf8 25. Nc5+ (25. d6 $18) 25... Rxc5 26. bxc5
Bxc5+ 27. Ka2 $16) 23... Bc5+ (23... Bxf2 24. Bb5+ (24. Re5 {[%cal Gd5d6]} Bg4
25. Rf1 Rc2 26. Rg5 $1 $16) 24... Kc7 25. Re7+ Kb6 26. Bc6 (26. Rxf7 {Huzman}
Rf8 27. Rxf8 Rxf8 28. Bc6 $14) 26... Bg6 27. b4 Bh4 28. Rd7 Re8 29. Rc1 Re3+
30. Ka4 $16 {/\Nd6}) 24. b4 (24. Ka2 {Huzman} Bxf2 25. Re5 (25. Bb5+ Kc7 26.
Re7+ Kb6 27. Rxf7 Rf8 28. Rxf8 Rxf8 29. Nd6 Bc5 $14) 25... g6 $132) 24... Bd6
25. Nxd6 (25. Bb5+ {Huzman} Kc7 26. Nxd6 Kxd6 27. Bc6 $16) 25... Rc3+ 26. Kb2
Rc2+ 27. Kb3 Kxd6 28. g4 Bg6 29. f4 $18 Rg2 30. f5 Rxg4 31. fxg6 Rgxb4+ 32. Kc3
Rb3+ 33. Kd4 R3b4+ 34. Bc4 Rc8 35. Rc1 hxg6 {/+/-} 36. h3 $6 (36. Rf1 $1 Rc7 (
36... Rh8 37. Rxf7 Rh4+ 38. Kd3 Rh3+ 39. Ke4 $18) 37. Kd3 a5 (37... Rb2 38. h4
a5 39. Rb1 $18) 38. Ba2 Rxc1 39. Rxc1 $18) 36... a5 37. Kd3 a4 (37... Rh8 $5
38. Re3 Rc8 $16 {/\a4}) 38. Ba2 Rxc1 39. Rxc1 Rh4 (39... a3 {Huzman} 40. Rc3
$16) 40. Rc6+ Ke5 (40... Kd7 41. Ra6 Rxh3+ 42. Kd4 $18) 41. d6 $1 Rd4+ (41...
Rxh3+ 42. Kc4 (42. Kd2 $2 Rh8 $1 $11) 42... Rh2 (42... Rh1 {Huzman} 43. Kc5 $18
{[%cal Gc7c8,Gc6c8,Gd6d8]}) 43. d7 (43. Kc3 Rh3+ (43... Rh8 44. Kb4 $18) 44.
Kb4 Rd3 45. Kc5 f5 46. Rc7 $18) 43... Rd2 44. Rc7 g5 (44... Kf6 45. Kc3 Rd1 46.
Kc2 Rd4 47. Bxf7 $18) 45. Kc3 Rd6 (45... Rd1 46. Bxf7 g4 47. Bh5 $18) 46. Rc5+
$18) 42. Kc3 Rxd6 (42... Rd1 43. Kc2 $18) 43. Rxd6 Kxd6 44. Bxf7 {Hecht [#]
Theme: rook's pawn and the 'wrong bishop'. Black loses because he still has
the doubled g-pawns. White should not capture the front one at g6. Winning
Plan: 1. Pick up the a-pawn 2a. Stalemate Black's king in the corner at h8,
which ultimately will lead to the transformation of the h-pawn to a g-pawn. 2b.
Forcing the black king from h8, which ultimately allows the win of the g-pawn
without giving up control of h8. Compare Hecht-Lichterfeld, 1953 (57ENDCBM). 
[#] Thema: Randbauer und falscher Läufer. Schwarz verliert, weil er noch über
den doppelten g-Bauern verfügt. Weiß darf keinesfalls den Vordermann g6
schlagen. Gewinnplan: 1. Abholen des a-Bauern; 2a. Pattsetzen des schwarzen
Königs in der Ecke h8, was schließlich zum Wechsel des h-Bauern auf die
g-Linie führt. oder 2b. Abdrängen des schwarzen Königs aus der Ecke h8, was
schließlich zum Gewinn der g-Bauern führt, ohne daß die Kontrolle über h8
abgegeben wird. Vergleiche Hecht- Lichterfeld, 1953 (57ENDCBM )} Kc5 45. Be8 a3
46. Kb3 Kd4 47. Kxa3 Ke5 48. Kb3 Kf6 49. Kc4 Kg5 50. Kd5 Kh6 (50... Kh4 {Huzman
} 51. Bd7 $18) 51. Ke6 Kh7 52. Kf7 Kh8 53. Kf8 Kh7 54. Bf7 Kh8 (54... Kh6 {
Hecht} 55. Kg8 $18) 55. Bg8 (55. Bg8 g5 56. Be6 (56. Kf7 $4 g4 57. hxg4 g5 $11
(57... g5 58. Kg6 Kxg8 59. Kxg5 Kg7 $11)) (56. Bf7 {Hecht} g6 57. Bg8 $1 g4 58.
hxg4 g5 59. Be6 $18) 56... Kh7 57. Bf7 Kh8 (57... Kh6 58. Kg8 g6 59. Be6) 58.
Bg8 g6 59. Bf7 Kh7 60. Be6 Kh8 (60... Kh6 {Huzman} 61. Kg8 $18) 61. Bg8 $18) (
55. Bxg6 $4 {Huzman}) 1-0

[Event "RUS-ch51"]
[Site "St Petersburg"]
[Date "1998.08.02"]
[Round "6"]
[White "Sakaev, Konstantin"]
[Black "Rublevsky, Sergei"]
[Result "1-0"]
[WhiteElo "2635"]
[BlackElo "2685"]
[Annotator "Epishin,V"]
[PlyCount "67"]
[EventDate "1998.07.28"]
[EventType "swiss"]
[EventRounds "11"]
[EventCountry "RUS"]
[SourceTitle "CBM 067"]
[Source "ChessBase"]
[SourceDate "1998.11.30"]
[SourceVersion "2"]
[SourceVersionDate "1998.11.01"]
[SourceQuality "1"]

1. d4 d5 2. Nf3 e6 3. c4 dxc4 4. Qa4+ Nd7 5. e4 c5 6. Bxc4 cxd4 7. O-O Bc5 8.
b4 $146 (8. Na3 Ne7 9. b4 Bd6 10. Nb5 Bb8 11. Nbxd4 O-O 12. Qb3 Ne5 13. Be2
Nxf3+ 14. Nxf3 Ng6 15. Rd1 Qf6 16. Bb2 Qf4 17. Qc2 Nh4 18. e5 Nxf3+ 19. Bxf3
Bxe5 20. Bxe5 Qxe5 21. Rac1 a5 $11 {ivanov,s-rublevsky,Elista,Russia ch 1997})
8... Bd6 9. e5 Bb8 10. Bf4 Ne7 11. Nbd2 O-O 12. Rfe1 {xe5} Nb6 (12... a5 $5 13.
Bd3 b5 14. Bxb5 Nb6 15. Qb3 axb4) 13. Qb3 Nxc4 (13... a5 $5 14. b5 Ba7 15. Rad1
a4 16. Qc2 Nbd5 17. Bg5 h6 18. Bh4 Nc3 19. Rc1 Qd7) 14. Nxc4 b5 $2 (14... Qd5
15. Red1 b5 16. Nd6 Qxb3 17. axb3 Nd5 18. Bg3 Nxb4 19. Nxd4 a5 $11) 15. Nd6
Bxd6 16. exd6 Nf5 17. Rad1 Bb7 18. Nxd4 Bd5 (18... Nxd4 19. Rxd4 Bd5 20. Qb2
Rc8 21. Re3 f6 22. h3 Rc4 $14) 19. Qxd5 exd5 20. Nxf5 Re8 $2 (20... h6 $1 21.
Ne7+ (21. Rxd5 a5 22. d7 Ra7 23. Ne7+ Kh7 24. Nc6 Rxd7 25. Nxd8 Rxd5 26. Nc6
axb4 27. g3 Ra8 28. Rb1 Ra4 29. Be3 $16) 21... Kh7 22. Rxd5 a5) 21. Ne7+ Kf8
22. Rxd5 Qd7 $2 (22... h6 23. Rxb5 $16) 23. h3 {xg4} a6 (23... f6 24. Rc5 Rac8
25. Rec1 $18) 24. Rh5 $1 $18 f6 (24... h6 25. Rxh6) 25. Rxh7 Rad8 26. Re3 Rc8
27. Nxc8 Kg8 (27... Rxc8 28. Rh8+ Kf7 29. Rxc8 Qxc8 30. Re7+ Kg6 31. d7 Qd8 32.
Bd6 $18) 28. Nb6 Qd8 29. Rxe8+ Qxe8 30. d7 Qd8 31. Rh5 g5 32. Be3 Kg7 33. h4
Kg6 34. Rxg5+ $1 1-0

[Event "RUS-ch m3-4"]
[Site "Elista"]
[Date "1997.05.24"]
[Round "2.3"]
[White "Ivanov, Sergey"]
[Black "Rublevsky, Sergei"]
[Result "0-1"]
[WhiteElo "2515"]
[BlackElo "2645"]
[Annotator "Fritz5"]
[PlyCount "62"]
[EventDate "1997.04.19"]
[EventType "k.o."]
[EventRounds "6"]
[EventCountry "RUS"]
[SourceTitle "CBM 059"]
[Source "ChessBase"]
[SourceDate "1997.08.01"]
[SourceVersion "1"]
[SourceVersionDate "1997.08.01"]
[SourceQuality "1"]

1. d4 d5 2. Nf3 e6 3. c4 dxc4 4. e4 b5 5. a4 c6 6. axb5 cxb5 7. b3 Bb7 8. bxc4
Bxe4 9. cxb5 Nf6 10. Be2 Nbd7 11. O-O Be7 12. Nc3 Bb7 13. Ne5 Nxe5 14. dxe5 Nd7
15. Bf4 O-O 16. Bf3 Qc7 17. Rc1 Ba3 18. Nd5 Qd8 19. Ra1 Bb2 20. Nf6+ Nxf6 21.
Bxb7 Bxa1 22. Bxa8 Qxa8 23. Qxa1 Nd5 24. Qd4 Qb7 25. Bg3 Rc8 26. Ra1 Nc3 27.
Qxa7 Ne2+ 28. Kf1 Qxb5 $1 {die richtige Fortsetzung, um den Vorteil
festzuhalten. Es droht Matt} 29. Ke1 Nc1 {Droht Matt: De2} 30. Qe3 $4 $19 (30.
Qa6 Nd3+ 31. Kd2 Qb2+ 32. Ke3 $11) 30... Qb2 31. Ra3 Nb3 $1 {Boing!} (31... Nb3
32. Rxb3 Rc1+ 33. Qxc1 Qxc1+ 34. Ke2 Qc2+ 35. Ke1 Qxb3 $19) 0-1

[Event "Beersheba"]
[Site "Beersheba"]
[Date "1993.??.??"]
[Round "1"]
[White "Huzman, Alexander"]
[Black "Greenfeld, Alon"]
[Result "0-1"]
[WhiteElo "2520"]
[BlackElo "2590"]
[Annotator "Ftacnik,L"]
[PlyCount "80"]
[EventDate "1993.??.??"]
[EventType "tourn"]
[EventRounds "11"]
[EventCountry "ISR"]
[EventCategory "12"]
[SourceTitle "CBM 038"]
[Source "ChessBase"]
[SourceDate "1994.02.01"]
[SourceVersion "1"]
[SourceVersionDate "1994.02.01"]
[SourceQuality "1"]

1. d4 d5 2. Nf3 c5 3. c4 dxc4 4. d5 e6 5. Nc3 exd5 6. Qxd5 Qxd5 7. Nxd5 Bd6 8.
Nd2 Ne7 9. Nxc4 Nxd5 10. Nxd6+ Ke7 11. Nxc8+ Rxc8 12. g3 Nb4 (12... Nc6 13. Bg2
Rd8 14. O-O (14. Bg5+ $5 f6 15. Bd2 Rd6 (15... Nd4 16. Rc1 Rac8 17. e3 Ne6 18.
Ke2 b6 19. Rhd1 Rc7 20. a3 f5 21. Be1 Nf6 22. Rxd8 Kxd8 23. Bc3 Ne4 24. Be5 $16
{Zvjaginsev,V-Namgilov,S/Rostov op/1993/1-0 (48)}) 16. O-O Rad8 17. Rfc1 b6 18.
Kf1 a5 19. Be1 g6 20. Rab1 $14 {Psakhis,L-Speelman,J/Hastings/1987/0-1 (39)})
14... Nd4 (14... Rd6 15. Bd2 Rad8 16. Rfc1 b6 17. Kf1 a5 18. Be1 f5 19. b3 Nf6
20. a3 Nd4 21. Rab1 Ne4 22. Bxe4 fxe4 23. Rc4 Re6 24. b4 $14 {Novikov,I-Lev,R/
London LB (05)/1991/1-0 (50)}) 15. e3 Ne2+ 16. Kh1 Nxc1 17. Raxc1 Rac8 18. Rfd1
Nf6 19. Rxd8 Rxd8 20. Bxb7 Rb8 21. Bf3 Rxb2 22. Kg2 Kd6 23. a4 Ra2 24. Bd1 $17
{Ganesan,S-Ravi,T/Calcutta op/1993/0-1 (41)}) 13. Bh3 Rd8 14. O-O N8c6 15. Be3
(15. Bg5+ f6 16. Be3 b6 (16... Nd4 17. Bg2 (17. Bxd4 Rxd4 18. Rfc1 Na6 19. a3
Rad8 20. Bf1 Rd2 21. b4 cxb4 22. axb4 Rb2 23. Rc4 Rxb4 24. Rxb4 $13 {Piket,
J-Seirawan,Y/Roquebrune 30' (06)/1992/0.5 (46)}) 17... Nbc2 18. Bxd4 Nxd4 19.
e3 Ne6 20. Bxb7 Rab8 21. Be4 Ng5 22. Bg2 Rxb2 23. h4 Ne6 24. Rfb1 $14 {Lputian,
S-Seirawan,Y/Manila ol/1992/1-0 (55)}) 17. Rfc1 a5 (17... Nd4 $6 18. Bxd4 Rxd4
19. a3 $1 Na6 20. b4 $1 Rd6 $8 21. Bf5 cxb4 22. axb4 Nxb4 23. Rc7+ Kf8 24. Be4
$14 {Salov,V-Seirawan,Y/Wijk aan Zee/1992/1-0 (36)}) 18. Bg2 a4 $2 19. a3 Nd5
20. Bxc5+ bxc5 21. Rxc5 Nd4 22. Rxd5 Rxd5 $10 {Khalifman,A-Seirawan,Y/
Reykjavik/1991/}) (15. Bg2 Rd7 16. Be3 b6 17. a3 Nd5 18. Bg5+ f6 19. e4 Nc7 20.
e5 $10 {Timman,J-Seirawan,Y/Bruxelles/1986/}) 15... b6 (15... Nd4 16. Bxd4 Rxd4
17. Rfc1 b6 18. a3 Na6 19. Rc2 Rad8 20. e3 Rd2 21. Rac1 Rxc2 22. Rxc2 Nc7 23.
Bg4 a5 24. Kf1 $14 {Hansen,LB-Sorensen,T/Naestved op (9)/1988/0.5 (78)}) 16.
Rfc1 a5 (16... Rd6 17. Bf4 Rd4 18. a3 Nd5 19. e3 Nxf4 20. gxf4 Rd6 21. b4 $1
$16 {Novikov,I-Mikhalchishin,A/Lvov 44/463 (Novikov,I)/1987/1-0 (63)}) 17. Bg2
Rac8 18. a3 Nd5 19. Bxc5+ (19. Bg5+ f6 20. Bd2 $13) 19... bxc5 20. Rxc5 Ke6 (
20... Nd4 21. Rxc8 Rxc8 22. Bxd5 $16) 21. Rac1 (21. Bh3+ Kd6 (21... f5 22. e4
Nde7 23. Rxf5 Nxf5 24. Bxf5+ Kf6 25. Bxc8 Rxc8 $13) 22. Rac1 Rc7 23. e4 $16)
21... Nde7 (21... Nce7 $2 22. Bxd5+ $1 $18) 22. Bxc6 Kd6 23. Rxa5 (23. Rg5 g6
24. Rxa5) 23... Nxc6 24. Ra6 Kd7 25. Rc3 Ne7 $1 26. Ra7+ Ke8 27. Re3 (27. Rxc8
Rxc8 28. e3 $13) 27... Rd7 28. Ra5 f6 29. b4 Kf7 30. a4 $6 Rc1+ 31. Kg2 Nc6 32.
Rb5 Rc4 33. Rb3 Ra7 $1 (33... Nd4 34. Rd3 Ra7 35. Rd5 Nxe2 $15) 34. Rb6 (34. a5
$2 Nd4 $19) 34... Rxa4 35. b5 Nd8 36. Rd3 Rd4 37. Ra6 Rxd3 38. exd3 (38. Rxa4
Rb3 $19) 38... Rb4 39. Ra7+ Kg6 40. Rd7 Ne6 (40... Ne6 41. Rb7 Nc5 42. Rb8 Nxd3
$19) 0-1

[Event "Hoogovens"]
[Site "Wijk aan Zee"]
[Date "1992.01.??"]
[Round "13"]
[White "Salov, Valery"]
[Black "Seirawan, Yasser"]
[Result "1-0"]
[WhiteElo "2655"]
[BlackElo "2600"]
[Annotator "Ftacnik,L"]
[PlyCount "71"]
[EventDate "1992.01.??"]
[EventType "tourn"]
[EventRounds "13"]
[EventCountry "NED"]
[EventCategory "14"]
[SourceTitle "CBM 028"]
[Source "ChessBase"]
[SourceDate "1992.06.01"]
[SourceVersion "1"]
[SourceVersionDate "1992.06.01"]
[SourceQuality "1"]

1. d4 {Salov} d5 2. Nf3 c5 3. c4 dxc4 4. d5 e6 5. Nc3 exd5 6. Qxd5 Qxd5 7. Nxd5
Bd6 8. Nd2 $1 Ne7 9. Nxc4 Nxd5 10. Nxd6+ Ke7 11. Nxc8+ Rxc8 12. g3 Nb4 13. Bh3
Rd8 14. O-O N8c6 15. Bg5+ (15. Bg2 {Salov} Rd7 16. Be3 b6 17. a3 Nd5 18. Bg5+
f6 19. e4 Nc7 20. e5 Nd5 21. exf6+ gxf6 22. Bd2 $10 {Timman,J-Seirawan,Y/
Brussels/1986/}) 15... f6 16. Be3 b6 17. Rfc1 Nd4 $6 (17... a5 18. Bg2 a4 $6 (
18... Ke6 $5) (18... Ke6 $142 $14) 19. a3 Nd5 20. Bxc5+ $1 bxc5 21. Rxc5 Nd4
22. Rxd5 $16 {Khalifman,A-Seirawan,Y/Reykjavik WCup/1991/} (22. Rxd5 {Salov}
Rxd5 23. Bxd5 Rb8 24. e3 Ne2+ 25. Kf1 Rxb2 26. Be4 Nc3 27. Bxh7 $18 {Khalifman,
A-Seirawan,Y/Reykjavik/1991/})) 18. Bxd4 Rxd4 19. a3 Na6 (19... Nc6 20. Bg2 (
20. b4 $1 {Salov} Kd6 21. e3 $1 Rd2 22. Rd1 Rxd1+ 23. Rxd1+ Ke7 24. Rd7+ Kf8
25. bxc5 bxc5 26. Rc7 $18) 20... Rc8 21. b4 $1) (19... Nd5 20. e3 Rd2 21. e4
Nc7 22. b4 Kd6 23. Rd1 $16 (23. Rd1 {Salov} Rd4 24. Rxd4+ cxd4 25. Rd1 Nb5 26.
a4 $18)) 20. b4 $1 Rd6 (20... cxb4 21. e3 (21. axb4 {Salov} Nxb4 22. Rc7+ Kf8
23. Be6 $18) 21... Rd6 22. Bf1 Nc5 23. axb4 Nb3 24. Rc7+ Kd8 25. Raxa7 $16) 21.
Bf5 $6 (21. Bg2 $1 Rb8 (21... Rad8 22. Bb7) 22. Be4 g6 (22... cxb4 {Salov} 23.
axb4 Nxb4 24. Rxa7+ Rd7 25. Rcc7 Rxc7 26. Rxc7+ Kf8 27. Bxh7 $18) 23. Bd3 $16 (
23. Bd3 $1 b5 24. bxc5 Rc6 25. Rab1 $18)) 21... cxb4 22. axb4 (22. Be4 $2 {
Salov} b3 $1 $10) 22... Nxb4 23. Rc7+ Kf8 24. Be4 Re8 25. Raxa7 (25. Bxh7 a5
26. Bg6 Red8 $13 (26... Ra8 $1 $14 {Salov})) 25... Rxe4 26. Rf7+ Kg8 27. Rxg7+
Kh8 28. Rxh7+ Kg8 29. Rhg7+ Kh8 30. Rh7+ Kg8 31. Rag7+ Kf8 32. Rb7 Kg8 33.
Rhg7+ Kh8 34. Rgc7 Rg4 $4 (34... Re8 $1 35. h4 Nd5 36. Rh7+ Kg8 37. h5 f5 $1
38. Rbg7+ Kf8 39. Rg5 $14) (34... Rd8 $2 {Salov} 35. Rh7+ Kg8 36. Rbg7+ Kf8 37.
h4 Nd5 38. h5 Re7 39. Rxe7 Nxe7 40. Rh8+ Ng8 41. h6 $18) (34... Nc6 $6 {Salov}
35. Rxb6 $16) 35. Rc8+ Rg8 36. Rc4 {Ftacnik,L} 1-0

[Event "Interzonal-16"]
[Site "Biel"]
[Date "1993.??.??"]
[Round "6"]
[White "Kortschnoj, Viktor Lvovich"]
[Black "Seirawan, Yasser"]
[Result "1/2-1/2"]
[WhiteElo "2625"]
[BlackElo "2575"]
[Annotator "Ftacnik,L"]
[PlyCount "43"]
[EventDate "1993.07.16"]
[EventType "swiss"]
[EventRounds "13"]
[EventCountry "SUI"]
[SourceTitle "CBM 037"]
[Source "ChessBase"]
[SourceDate "1993.12.01"]
[SourceVersion "1"]
[SourceVersionDate "1993.12.01"]
[SourceQuality "1"]

1. d4 d5 2. c4 dxc4 3. Nf3 a6 4. e4 b5 5. a4 Bb7 6. axb5 axb5 7. Rxa8 Bxa8 8.
Nc3 e6 (8... c6 9. Be2 (9. Bg5 h6 10. Bh4 Qb6 11. Be2 e6 12. O-O Be7 13. b3 (
13. d5 cxd5 14. exd5 exd5 15. Nxd5 Bxd5 16. Qxd5 Nf6 17. Bxf6 Bxf6 18. b3 O-O
19. bxc4 b4 20. c5 Qc7 21. Qc4 Bc3 22. Nd4 Rc8 23. Nb3 Nd7 24. Rd1 $14 {
Kohlweyer,B-Mainka,G/Dortmund-B/1988/1-0 (61)}) 13... Bxh4 14. Nxh4 cxb3 15. d5
exd5 16. Nf5 g6 17. Nd6+ Kf8 18. exd5 cxd5 19. Ncxb5 Bc6 20. Qxb3 Nf6 21. Nxf7
Rh7 22. Ne5 Be8 23. Qg3 Ne4 24. Qa3+ $36 {Knaak,R-Chekhov,V/Leipzig/1986/0.5 
(42)}) (9. d5 e6 10. Bf4 b4 11. dxe6 Qe7 12. Na4 {Krasenkov,M-Kharlov,A/
URS-ch58 (06)/1991/1-0 (12)}) 9... e6 10. O-O Nd7 (10... Nf6 11. Bg5 h6 12.
Bxf6 gxf6 13. Qa1 Nd7 14. d5 cxd5 15. exd5 Bxd5 16. Nxd5 exd5 17. Rd1 Nc5 18.
Nd4 Bd6 19. Nxb5 O-O 20. Nxd6 Qxd6 21. Bxc4 Qb6 22. Bxd5 Rd8 23. b4 Ne6 24. Qa5
$16 {Lputian,S-Semkov,S/Saint John op-2/1988/1-0 (42)}) 11. e5 Ne7 12. Bg5 Qb8
13. Ne4 Nd5 14. Qc2 h6 15. Bh4 c5 16. Ra1 cxd4 17. Nxd4 Nb4 18. Rxa8 Qxa8 19.
Nxb5 Nxe5 20. Qd1 Nd5 21. Nec3 Kd7 22. Bg3 Nd3 23. b3 Nxc3 24. Nxc3 $17 {
Gruenberg,HU-Deep Thought/Hannover (1)/1991/0-1 (47)}) (8... b4 9. Qa4+ Nd7 10.
Qxb4 Nb6 11. d5 e6 12. Qb5+ c6 13. dxc6 Qc7 14. Be3 Nc8 15. Qxc4 Nd6 16. Qb3
Bxc6 17. Ne5 Qb7 18. Qb6 Qxb6 19. Bxb6 Bb7 20. f3 f6 21. Nc4 Nc8 22. Bd4 Bb4
23. Nb6 Nxb6 24. Bxb6 $14 {Luyks,M-Pereira,A/Lisboa-ch (06)/1992/0.5 (43)}) 9.
Nxb5 (9. Bg5 f6 (9... Be7 10. Qa1 Nd7 11. Nxb5 Bxe4 12. Bf4 Bxf3 13. gxf3 Bb4+
14. Ke2 e5 15. dxe5 Nc5 16. Qa8 Qxa8 17. Nxc7+ Kd7 18. Nxa8 Kc6 19. Bg2 Ne7 20.
Ra1 Nd5 21. Be3 Nb3 22. Rd1 Rxa8 23. Rxd5 Ra2 24. f4 {Lazarev,V-Baburin,A/
Budapest Festival (7)/1991/0.5 (24)}) 10. Qa1 Nd7 11. Bf4 Bb4 12. Bxc7 Qxc7 13.
Qxa8+ Kf7 14. Nd2 Ne7 15. Qxh8 Qa7 16. Be2 Qa1+ 17. Nd1 Nf8 18. e5 Qc1 19. O-O
Qxd2 20. exf6 gxf6 21. Bh5+ Neg6 22. Bxg6+ hxg6 23. Qh4 Be7 24. Qe4 $16 {
Gofstein,L-Donchenko,A/Belgorod GMA-qual/1989/1-0 (31)}) 9... Bxe4 10. Bxc4
Bb4+ (10... Bxf3 11. Qxf3 Bb4+ (11... c6 12. O-O Qb6 13. Nc3 Qxd4 14. Qg3 Nd7
15. Rd1 Qe5 16. Bf4 Qa5 17. Bc7 Qa7 18. Ne4 Ngf6 19. Nd6+ Bxd6 20. Qxd6 g6 21.
b4 Qa4 22. Re1 Nd5 23. Bxd5 cxd5 24. h4 {Lputian,S-Kaidanov,G/Irkutsk 36/458/
1983/1-0 (26)}) 12. Ke2 Ne7 13. Bf4 Ba5 14. Ra1 Bb6 15. Qb7 O-O 16. Bxc7 Bxc7
17. Qxc7 Nbc6 18. Qxd8 Rxd8 19. Rd1 g5 20. g4 Kg7 21. Ke3 Ng6 22. Nc3 Nh4 23.
f3 Ng2+ 24. Kf2 $10 {Adler,J-Sulava,N/Budapest Spring op (3)/1990/0.5 (36)})
11. Ke2 $5 (11. Nc3 Nc6 12. O-O Bxf3 13. Qxf3 Nxd4 14. Qb7 Bd6 15. Rd1 Nf5 16.
g4 Nh4 17. Bb5+ Kf8 18. Bg5 f6 19. Bxh4 h5 20. Bg3 e5 21. gxh5 Rxh5 22. Ne4 g6
23. Nxd6 cxd6 {Krasenkov,M-Westerinen,H/Palma GMA-op (1)/1989/1-0 (24)}) 11...
Ne7 (11... Nc6 12. Bf4 Ba5 13. Qa4 $13) 12. Bf4 Ba5 13. Qa4 Nbc6 14. Nd2 (14.
Rd1 O-O $13) 14... Bd5 (14... Bxg2 15. Rg1 Ng6 16. Bg3 Bd5 17. Na7 $1 (17.
Nxc7+ Bxc7 18. Bxd5 Qxd5 19. Bxc7 O-O $17) 17... Nge7 18. Bb5 $16) 15. Nb3 O-O
16. Nxa5 Nxa5 17. Bd3 (17. Bxd5 Nxd5) 17... c6 18. Nc7 Nb3 19. Rd1 c5 $1 20.
dxc5 (20. Nxd5 Nxd4+) 20... Nxc5 21. Qc2 Nxd3 22. Rxd3 $10 1/2-1/2

[Event "URS-chT Republics 19th Group1"]
[Site "Azov"]
[Date "1991.??.??"]
[Round "4"]
[White "Ikonnikov, Vyacheslav"]
[Black "Maljutin, Evgeni"]
[Result "1-0"]
[WhiteElo "2480"]
[BlackElo "2435"]
[Annotator "Ftacnik,L"]
[PlyCount "59"]
[EventDate "1991.??.??"]
[EventType "team-tourn"]
[EventRounds "5"]
[EventCountry "URS"]
[SourceTitle "EXT 2020"]
[Source "ChessBase"]
[SourceDate "2019.10.17"]
[SourceVersion "1"]
[SourceVersionDate "2019.10.17"]
[SourceQuality "1"]
[WhiteTeam "Russia"]
[BlackTeam "Moscow"]
[WhiteTeamCountry "RUS"]
[BlackTeamCountry "URS"]

1. d4 d5 2. Nf3 c5 3. c4 dxc4 4. d5 e6 5. Nc3 exd5 6. Qxd5 Qxd5 7. Nxd5 Na6 8.
e4 Ne7 9. Bf4 (9. Ne3 Nc7 10. a4 g6 11. Nxc4 Nc6 12. Be2 Bg7 13. Be3 Ne6 14. e5
O-O 15. Rd1 b6 $10 {Damljanovic,B-Watson,W/Sochi/1988/ ->TD88_01}) (9. Bxc4
Nxd5 10. exd5 (10. Bxd5 Nb4 11. O-O Nxd5 12. exd5 f6 13. Re1+ Kf7 14. Bf4 Bg4
15. Bc7 Be7 16. Rac1 b6 17. b4 cxb4 18. d6 $36 {Sideif Zade,F-Maljutin,E/
URS-ch Azov/1991/ ->CBM 25}) 10... Bd6 11. Nd2 (11. Bxa6 bxa6 12. Be3 Bb7 13.
O-O-O O-O-O 14. Rd3 Rd7 15. Rhd1 {0,5/Goldin-Mikhalchishin/Klaipeda/1988/})
11... O-O 12. Bxa6 bxa6 13. Nc4 Rd8 14. O-O Bf5 15. Rd1 $14 {Khenkin,I-Yuferov,
S/Moscow/1990/}) 9... Nxd5 10. exd5 b5 (10... Nb4 11. O-O-O Nxa2+ 12. Kb1 Nb4
13. Re1+ Kd8 14. Bxc4 Bf5+ 15. Kc1 $36) 11. a4 Nb4 12. axb5 $5 (12. O-O-O a6
13. Re1+ Kd8 14. Ne5 Ra7 $13) 12... Nc2+ 13. Kd2 Nxa1 14. Bxc4 Nb3+ (14... Be7
15. Re1 Kf8 16. Rxa1 $146) 15. Bxb3 c4 16. Bxc4 Bb4+ 17. Kc2 Bg4 $6 (17... O-O
18. Nd4 $146) 18. Kb3 Bxf3 (18... Bc5 19. Re1+ Kf8 20. Ne5 $1) 19. Kxb4 $1 Bxg2
20. Rg1 Bh3 21. Rxg7 Bf5 22. Rg5 Bg6 23. d6 Kd7 24. Bd5 Rag8 25. Bc6+ Ke6 26.
Re5+ Kf6 (26... Kxd6 27. Re1#) 27. Re7 Kf5 28. Be5 f6 29. Bd7+ Kg5 30. f4+ {
Ftacnik,L} 1-0